Quiz photo des politiciens - Statistiques

Statistiques générales
  • Ce quiz a été pris 227 fois
  • Le résultat moyen est 3 sur 15
Statistiques - réponses
Par images Hint Réponse % Correct
né 1954 François Hollande
98%
né 1953 Xi Jinping
60%
né 1953 Tony Blair
36%
1930-2017 Helmut Kohl
27%
1919-2000 Pierre Trudeau
26%
1889-1964 Jawaharlal Nehru
25%
1915-2006 Augusto Pinochet
22%
né 1931 Raúl Castro
18%
1906-1982 Leonid Brezhnev
6%
1895-1974 Juan Perón
4%
né 1971 Marco Rubio
3%
né 1961 Julia Gillard
2%
né 1925 Mahathir Mohamad
2%
né 1961 John Key
1%
1923-2015 Lee Kuan Yew
0%
Aucun quiz correspondant
Distribution des résultats
% des personnes avec chaque résultat
Percentile par nombre de réponses
Votre historique - résultats
Vous n’avez pas pris ce quiz